000 00253nam a2200097Ia 4500
001 718944
005 20250826163033.0
008 250824s9999 xx 000 0 und d
245 0 _aTÜRKÇENİN SIRLARI
_cNİHAD SAMİ BANARLI
260 _bKUBBEALTI YAYINLARI
999 _c718944
_d718944